|
|
|
|
| LEADER |
00000cam a2200000 7i4500 |
| 001 |
0000013295 |
| 005 |
20240913.0 |
| 008 |
031003 my eng |
| 020 |
|
|
|a 9837203242 (pbk)
|
| 040 |
|
|
|a INS
|b eng
|e rda
|
| 090 |
0 |
0 |
|a PE1113
|b .S652 1998
|
| 100 |
1 |
|
|a Smith, John ,
|e author
|
| 245 |
1 |
0 |
|a Dictionary of Grammar
|c John Smith
|
| 264 |
|
1 |
|a Kuala Lumpur :
|b Golder Books Centre Sdn Bhd
|c 1998
|
| 264 |
|
4 |
|c ©1998
|
| 300 |
|
|
|a 319 pages ;
|c 21 cm.
|
| 336 |
|
|
|a text
|2 rdacontent
|
| 337 |
|
|
|a unmediated
|2 rdamedia
|
| 338 |
|
|
|a volume
|2 rdacarrier
|
| 650 |
|
0 |
|a English language
|v Dictionaries
|
| 650 |
|
0 |
|a English language
|x Conversation and phrase books
|x Dictionaries
|
| 650 |
|
0 |
|a English language
|x Grammar
|v Dictionaries
|
| 999 |
|
|
|a 0000008406
|b BOOK
|c Red Spot
|e Default branch
|